Quiz Voiture: trouvez la marque en fonction de la voiture #2 - Statistiques

Statistiques générales
  • Ce quiz a été pris 760 fois
  • Le résultat moyen est 11 sur 16
Statistiques - réponses
Par images Réponse % Correct
Volvo
95%
Opel
94%
Nissan
91%
Alfa roméo
87%
Renault
86%
Mini
83%
Aston martin
77%
Alpine
71%
Honda
70%
Pagani
69%
Rolls royce
69%
Lancia
58%
Subaru
58%
Pontiac
29%
Morgan
25%
Lincoln
22%
Aucun quiz correspondant
Distribution des résultats
% des personnes avec chaque résultat
Percentile par nombre de réponses
Votre historique - résultats
Vous n’avez pas pris ce quiz